Paroles : Sexy Woman - La Mano 1.9 - Statistiques

Statistiques générales
  • Ce quiz a été pris 82 fois
  • Le résultat moyen est 147 sur 316
Statistiques - réponses
Paroles % Correct
Sexy
93%
Woman
90%
à
78%
la
78%
78%
ma
78%
de
73%
pas
73%
Pas
73%
Molly
72%
Kelly
70%
le
70%
ça
69%
mon
69%
c'est
66%
C'est
66%
domaine
64%
me
63%
les
61%
sur
61%
Cassie
57%
des
57%
La Mano
57%
On
55%
on
55%
Abby
54%
d'en
54%
Telecom
54%
appelle
52%
Jenny
52%
ta
52%
dans
49%
Dans
49%
un
49%
Bouygues
48%
et
48%
l'temps
48%
nous
48%
Il
46%
va
46%
Ellie
45%
keuf
45%
ton
45%
du
43%
elle
43%
Elle
43%
médaillon
43%
d'regarder
42%
en
42%
tirer
42%
comme
40%
coms
40%
mes
40%
Shelby
40%
taillons
40%
tout
40%
est
39%
long
39%
pour
39%
Avant
37%
bras
37%
Laury
37%
t'expliquer
37%
bat
36%
drill
36%
j'suis
36%
J'suis
36%
keufs
36%
l'bat
36%
l'B.A.T
36%
lourd
36%
nouveau
36%
palace
36%
Palace
36%
poids
36%
Descente
34%
Paname
34%
Tu
34%
barraque
33%
cul
33%
déjà
33%
heures
33%
Mary
33%
navette
33%
passes
33%
son
33%
Trou
33%
ballons
31%
j'avais
31%
neuf
31%
que
31%
Washington
31%
Amrabat
30%
envoie
30%
gars
30%
Lyca
30%
phone
30%
smoke
30%
dit
28%
envoient
28%
fait
28%
J'ai
28%
j'ai
28%
neuve
28%
Oups
28%
cœur
27%
jours
27%
règles
27%
innové
25%
J'envoie
25%
met
25%
oublié
25%
quoi
25%
R.A.T
25%
sauter
25%
Sept
25%
t'as
25%
T'attends
25%
batte
24%
chaussure
24%
fille
24%
J'lui
24%
j'ressors
24%
J'te
24%
même
24%
neveux
24%
voit
24%
devant
22%
écouté
22%
fessées
22%
j'leur
22%
l'ai
22%
niveau
22%
Rennes
22%
Tracey
22%
fan
21%
J'fouille
21%
leur
21%
m'faut
21%
t'rappeler
21%
arrive
19%
Aujourd'hui
19%
Harbat
19%
qu'il
19%
plus
18%
rogne
18%
rôle
18%
run
18%
vie
18%
bas
16%
parce
16%
pâtes
16%
prends
16%
boiter
15%
j'me
15%
l'oeil
15%
portes
15%
j'finis
13%
J'sais
13%
mis
13%
Peut-etre
13%
suis
13%
vient
13%
d'la
12%
Effrayer
12%
Jamais
12%
jouer
12%
uer-t
12%
règnes
9%
Aucun quiz correspondant
Distribution des résultats
% des personnes avec chaque résultat
Percentile par nombre de réponses
Votre historique - résultats
Vous n’avez pas pris ce quiz